HIV, health, and your community : (Record no. 8703)

MARC details
000 -LEADER
fixed length control field 01204 a2200277 4500
010 ## - LIBRARY OF CONGRESS CONTROL NUMBER
LC control number ENG-88545
020 ## - INTERNATIONAL STANDARD BOOK NUMBER
International Standard Book Number 8188973769
Terms of availability 200.00
035 ## - SYSTEM CONTROL NUMBER
System control number EN-72078
037 ## - SOURCE OF ACQUISITION
Source of stock number/acquisition DBAD / PUB
082 00 - DEWEY DECIMAL CLASSIFICATION NUMBER
Classification number 362.1969792
090 ## - LOCALLY ASSIGNED LC-TYPE CALL NUMBER (OCLC); LOCAL CALL NUMBER (OCLC)
-- 8864
-- 8864
100 1# - MAIN ENTRY--PERSONAL NAME
Personal name Granich, Reuben
245 10 - TITLE STATEMENT
Title HIV, health, and your community :
Remainder of title a resource guide for action against HIV/AIDS /
Statement of responsibility, etc Reuben Granich, Jonathan Mermin ; Indian adaptation by Bir Singh ; illustrations (Indianised version) by Brajagopal Paul
246 30 - VARYING FORM OF TITLE
Title proper/short title HIV, health & your community
250 ## - EDITION STATEMENT
Edition statement adapted ed.
260 ## - PUBLICATION, DISTRIBUTION, ETC. (IMPRINT)
Place of publication, distribution, etc New Delhi
Name of publisher, distributor, etc Voluntary Health Association of India
Date of publication, distribution, etc 2005
270 ## - ADDRESS
Address B-40, Qutab Institutional Area,
City New Delhi
Postal code 110 016
Telephone number 26518071, 26518072, 51688152, 51688153
Fax number 011-26853708
Electronic mail address vhai@vsnl.com
300 ## - PHYSICAL DESCRIPTION
Extent vii, 245 p. :
Other physical details ill. ;
Dimensions 26 cm (pbk)
500 ## - GENERAL NOTE
General note Indian adaptation by VHAI based on the original book by The Hesperian Foundation
500 ## - GENERAL NOTE
General note Includes index
650 #0 - SUBJECT ADDED ENTRY--TOPICAL TERM
Topical term or geographic name as entry element AIDS (Disease)
650 #0 - SUBJECT ADDED ENTRY--TOPICAL TERM
Topical term or geographic name as entry element Community health aides.
700 1# - ADDED ENTRY--PERSONAL NAME
Personal name Mermin, Jonathan,
Dates associated with a name 1965-
942 ## - ADDED ENTRY ELEMENTS (KOHA)
Institution code [OBSOLETE] dpl
Koha item type English Books
Call number prefix 362.1969792 / GRA
Holdings
Withdrawn status Lost status Source of classification or shelving scheme Damaged status Not for loan Collection code Home library Current library Source of acquisition Cost, normal purchase price Total Checkouts Full call number Barcode Date last seen Copy number Uniform Resource Identifier Cost, replacement price Price effective from Koha item type
    Dewey Decimal Classification   Not For Loan Non-fiction D.B.Act.Division D.B.Act.Division DBAD/PUB 200.00   362.1969792 GRA EN-72078 15/09/2008 1 9647 200.00 15/09/2008 English Books

© Delhi Public Library
Hit Counter
free hit counter